Preskoči na sadržaj

Развитие исследовательских умений учащихся электронное учебное пособие

В пособии ставится задача переориентации учителя с трансляционного типа обучения на креативно-исследовательский, обеспечивающий продуцирование исследовательской, познавательной мотивации учащихся. Издание адресовано педагогам – учителям, тьюторам, методистам, представителям вузовского сообщества, со...

Cijeli opis

Spremljeno u:
Bibliografski detalji
Glavni autor: Краузе, А. А. (070)
Format: Книга
Teme:
Online pristup:Перейти к просмотру издания
Oznake: Dodaj oznaku
Bez oznaka, Budi prvi tko označuje ovaj zapis!
LEADER 02376nam0a2200373 4500
001 RU/IPR SMART/32088
856 4 |u https://www.iprbookshop.ru/32088.html  |z Перейти к просмотру издания 
801 1 |a RU  |b IPR SMART  |c 20250903  |g RCR 
010 |a 978-5-85218-598-3 
205 |a Развитие исследовательских умений учащихся  |b 2029-01-01 
333 |a Гарантированный срок размещения в ЭБС до 01.01.2029 (автопролонгация) 
100 |a 20250903d2013 k y0rusy01020304ca 
105 |a y j 000zy 
101 0 |a rus 
102 |a RU 
200 1 |a Развитие исследовательских умений учащихся  |e электронное учебное пособие  |f А. А. Краузе, Л. Е. Зиновьева, В. Р. Шаяхметова 
700 1 |a Краузе,   |b А. А.  |4 070 
701 1 |a Зиновьева,   |b Л. Е.  |4 070 
701 1 |a Шаяхметова,   |b В. Р.  |4 070 
330 |a В пособии ставится задача переориентации учителя с трансляционного типа обучения на креативно-исследовательский, обеспечивающий продуцирование исследовательской, познавательной мотивации учащихся. Издание адресовано педагогам – учителям, тьюторам, методистам, представителям вузовского сообщества, сотрудничающим со школой, администрации школы. 
210 |a Пермь  |c Пермский государственный гуманитарно-педагогический университет  |d 2013 
610 1 |a развитие умений 
610 1 |a исследовательское умение 
610 1 |a компетенция 
610 1 |a метапредметность 
675 |a 371.388 
686 |a 74.2  |2 rubbk 
300 |a Книга находится в премиум-версии IPR SMART. 
106 |a s 
230 |a Электрон. дан. (1 файл) 
336 |a Текст 
337 |a электронный 
503 0 |a Доступна эл. версия. IPR SMART 
215 |a 84 с.